000 00485nam a2200181Ia 4500
005 20250508151438.0
008 008 250505s9999 xx 000 0 eng d
037 _aTextual
040 _aFEDL
_beng
_cFEDL
041 _aeng
_2eng
084 _a823.8, BEN
_qFEDL
100 _aBentley Phyllis
_959313
245 0 _aBronte Sisters
260 _aLondon, UK
_bLongmans, Green and Co.
_c1950
300 _a44p
942 _cTEXL
_h823.8, BEN
999 _c1329846
_d1329846